000 00486nam a2200181Ia 4500
001 4811
005 20260306145822.0
008 260306t2003||||xx |||||||||||||| ||spa||
041 _aESP
082 _a330.126
_bV47
100 _aVera la Torre, Jose Carlos
_eAUT
245 0 _aEconomia social de mercado en los sectores sociales:
_buna economía de reforma del Estado
260 _c2003
300 _a252 páginas :
_c
650 _aGEN
654 _aCAN
942 _cLIB
_dJUS
_fJUS
_2ddc
_n
999 _c4811
_d4811